000 00303nam a2200121Ia 4500
008 190216s9999||||xx |||||||||||||| ||und||
100 _aMaurice Sussman
245 0 _aAnimal Growth And Development
260 _bPrentice Hall Of India Pvt Ltd
_c1958
300 _a113p
650 _aZoology
942 _cBK
999 _c37297
_d37297